000 01203cab a2200277 4500
001 ABS47416
008 090401t1992 xxu||||| |||| 00| 0 eng d
035 _a(Sirsi) u61861
041 _aeng
245 _aCommercial property values: forecasts from the London Business School - RICS model
260 _c1992
350 _a0
490 _aEconomic Outlook
_v17(1) October 1992, 28-29(2)
520 _aDescribes the London Business School commercial property price model developed with financial support from the RICS. The model determines commercial property values by inflation in the economy, interest rates, employment and output. The overall aim is that a forecast and analysis of property performance should be built into the LBS Forecasting Model of the UK economy.
650 _aCAPITAL VALUES
650 _aCOMMERCIAL PROPERTY PRICES
650 _aFORECASTS
650 _aIPD MONTHLY INDEX
650 _aLBS / RICS COMMERCIAL PROPERTY MODEL
650 _aLONDON BUSINESS SCHOOL
650 _aMODELS
650 _aRICS / LBS COMMERCIAL PROPERTY MODEL
690 _aPROPERTY-COMMERCIAL PROPERTY-COMMERCIAL PROPERTY FINANCE AND INVESTMENT
942 _n0
948 _c04/03/1997
999 _c38372
_d38372